| 000 | 00856nam a22002295i 4500 | ||
|---|---|---|---|
| 001 | 155117 | ||
| 003 | ES-MaACL | ||
| 005 | 20250801034204.0 | ||
| 008 | 941221q1888 sp 001 0 spa d | ||
| 100 | 1 |
_aHartmann, Eduard von, _d1842-1906 _961986 |
|
| 245 | 1 | 3 |
_aLa religión del porvenir / _cpor Eduardo Hartmann ; traducción de Armando Palacio Valdés. |
| 260 |
_aMadrid : _bEduardo de Medina, _c[1888] |
||
| 300 |
_a165 p. ; _c19 cm. |
||
| 530 | _aDisponible en formato digital. | ||
| 650 | 7 |
_aCristianismo _2embne _911425 |
|
| 650 | 4 |
_aPanteísmo. _9156326 |
|
| 700 | 1 |
_aPalacio Valdés, Armando, _d1853-1938 _988382 |
|
| 852 | 4 |
_aES-MaACL _jG-8826 _z- Enc. hol. |
|
| 856 | 4 |
_uhttp://bdh-rd.bne.es/viewer.vm?id=0000247958&page=1 _yVersión en línea _zBiblioteca Digital Hispánica |
|
| 942 | _2udc | ||
| 999 |
_c155117 _d155117 |
||